Osterreich-Ungarns aussenpolitik von der bosnischen krise 1908 bis zum kriegsausbruch 1914 : (Record no. 68545)
[ view plain ]
| 000 -LEADER | |
|---|---|
| fixed length control field | 01732cam a2200397 i 4500 |
| 001 - CONTROL NUMBER | |
| control field | 8278942 |
| 003 - CONTROL NUMBER IDENTIFIER | |
| control field | EG-GICUC |
| 005 - DATE AND TIME OF LATEST TRANSACTION | |
| control field | 20260403210208.0 |
| 008 - FIXED-LENGTH DATA ELEMENTS--GENERAL INFORMATION | |
| fixed length control field | 840302s1930 gw h |w 000 0 ger |
| 010 ## - LIBRARY OF CONGRESS CONTROL NUMBER | |
| LC control number | 30016877 |
| 035 ## - SYSTEM CONTROL NUMBER | |
| System control number | 8278942 |
| 040 ## - CATALOGING SOURCE | |
| Original cataloging agency | DLC |
| Transcribing agency | EG-GiCUC |
| Modifying agency | EG-GiCUC |
| Language of cataloging | ger |
| Description conventions | rda |
| 043 ## - GEOGRAPHIC AREA CODE | |
| Geographic area code | e------ |
| -- | e-au--- |
| 082 04 - DEWEY DECIMAL CLASSIFICATION NUMBER | |
| Edition number | 21 |
| Classification number | 341.9 |
| Item number | O S |
| 092 04 - LOCALLY ASSIGNED DEWEY CALL NUMBER (OCLC) | |
| Edition number | 21 |
| 099 ## - LOCAL FREE-TEXT CALL NUMBER (OCLC) | |
| Classification number | Law1 11 341.9 O S 1930 |
| 110 1# - MAIN ENTRY--CORPORATE NAME | |
| Corporate name or jurisdiction name as entry element | Austro-Hungarian Monarchy. |
| Subordinate unit | Ministerium des K. und K. Hauses und des Äussern. |
| 245 10 - TITLE STATEMENT | |
| Title | Osterreich-Ungarns aussenpolitik von der bosnischen krise 1908 bis zum kriegsausbruch 1914 : |
| Statement of responsibility, etc. | diplomatische aktenstücke des österreichisch-ungarischen ministeriums des äussern ausgewählt von Ludwig Bittner, Alfred Francis Pribram, Heinrich Srbik und Hans Uebersberger, bearbeitet / |
| 300 ## - PHYSICAL DESCRIPTION | |
| Extent | 121 pages |
| Dimensions | 25 cm. |
| 336 ## - CONTENT TYPE | |
| Content type term | text |
| Content type code | txt |
| 504 ## - BIBLIOGRAPHY, ETC. NOTE | |
| Bibliography, etc. note | Bibliography: pages 200-250. |
| 650 #0 - SUBJECT ADDED ENTRY--TOPICAL TERM | |
| Topical term or geographic name entry element | World War, 1914-1918 |
| General subdivision | Diplomatic history. |
| Source of heading or term | qrmak |
| 651 #0 - SUBJECT ADDED ENTRY--GEOGRAPHIC NAME | |
| Geographic name | Europe |
| General subdivision | Politics and government |
| Chronological subdivision | 20th century. |
| Source of heading or term | qrmak |
| 651 #0 - SUBJECT ADDED ENTRY--GEOGRAPHIC NAME | |
| Geographic name | Austria |
| General subdivision | Foreign relations |
| Chronological subdivision | 20th century. |
| Source of heading or term | qrmak |
| 700 1# - ADDED ENTRY--PERSONAL NAME | |
| Personal name | Bittner, Ludwig, |
| Dates associated with a name | 1877- |
| Relator term | |
| 700 1# - ADDED ENTRY--PERSONAL NAME | |
| Personal name | Uebersberger, Hans, |
| Dates associated with a name | 1877- |
| Relator term | |
| 700 1# - ADDED ENTRY--PERSONAL NAME | |
| Personal name | Pribram, Alfred Francis, |
| Dates associated with a name | 1859- |
| Relator term | |
| 700 1# - ADDED ENTRY--PERSONAL NAME | |
| Personal name | Srbik, Heinrich, |
| Titles and other words associated with a name | ritter von, |
| Dates associated with a name | 1878- |
| Relator term | |
| 856 40 - ELECTRONIC LOCATION AND ACCESS | |
| Uniform Resource Identifier | <a href="https://fll.law.cu.edu.eg/fulltext/bks/B11-07944.pdf">https://fll.law.cu.edu.eg/fulltext/bks/B11-07944.pdf</a> |
| 905 ## - Cataloger and Reviser Names | |
| Cataloger Name: | Nermin |
| 906 ## - LOCAL DATA ELEMENT F, LDF (RLIN) | |
| a | 0 |
| b | cbc |
| c | premunv |
| d | u |
| e | ncip |
| f | 19 |
| g | y-gencatlg |
| 942 ## - ADDED ENTRY ELEMENTS (KOHA) | |
| Source of classification or shelving scheme | Dewey Decimal Classification |
| Koha item type | Books |
| Edition | 21 |
| Suppress in OPAC | No |
| Withdrawn status | Lost status | Source of classification or shelving scheme | Damaged status | Not for loan | Collection | Home library | Current library | Date acquired | Total checkouts | Full call number | Barcode | Date last seen | Copy number | Price effective from | Koha item type |
|---|---|---|---|---|---|---|---|---|---|---|---|---|---|---|---|
| Dewey Decimal Classification | Not for loan | القانون الدولي العام | جــــامعة القــاهرة | مكتبة كلية الحقوق - المبنى الرئيسي | 03.04.2026 | Law1 11 341.9 O S 1930 1107944 C1 | B11-07944 | 03.04.2026 | 1 | 03.04.2026 | Books |